[Event "SA-2013-0-00343"]
[Site "LSS email"]
[Date "2013.04.29"]
[Round "?"]
[White "De Melo, Gerson Luis"]
[Black "Silva Filho, Alcindo Luz Bastos"]
[Result "0-1"]
[WhiteElo "1810"]
[BlackElo "2015"]
[PlyCount "32"]
[EventDate "2013.04.13"]
[EventType "tourn (corr)"]
[EventRounds "6"]
[EventCountry "GER"]
[SourceTitle "Telechess CBM 167"]
[Source "ChessBase"]
[SourceDate "2015.07.13"]
[SourceVersion "1"]
[SourceVersionDate "2015.07.13"]
[SourceQuality "1"]

1. d4 Nf6 2. c4 c5 3. d5 b5 4. cxb5 a6 5. bxa6 g6 6. Nc3 Bxa6 7. e4 Bxf1 8. Kxf1 d6 9. g3 Bg7 10. Kg2 Nbd7 11. Nf3 0-0 12. Re1 Qa5 13. e5 Ng4 14. exd6 exd6 15. Bf4 Rfb8 16. Re2 Nge5 0-1

[Event "RA-2013-0-00268"]
[Site "LSS email"]
[Date "2013.04.27"]
[Round "?"]
[White "De Melo, Gerson Luis"]
[Black "Silva Filho, Alcindo Luz Bastos"]
[Result "0-1"]
[WhiteElo "1810"]
[BlackElo "2047"]
[PlyCount "60"]
[EventDate "2013.03.21"]
[EventType "tourn (corr)"]
[EventRounds "6"]
[EventCountry "GER"]
[SourceTitle "Telechess CBM 161"]
[Source "ChessBase"]
[SourceDate "2014.07.16"]
[SourceVersion "1"]
[SourceVersionDate "2014.07.16"]
[SourceQuality "1"]

1. d4 Nf6 2. c4 e6 3. Nf3 d5 4. g3 Bb4+ 5. Nc3 0-0 6. Bg2 dxc4 7. 0-0 Nc6 8. Qa4 Nd5 9. Qc2 Be7 10. Rd1 f6 11. e4 Ndb4 12. Qe2 Nd3 13. Be3 f5 14. e5 f4 15. gxf4 Nxf4 16. Bxf4 Rxf4 17. Qxc4 Qf8 18. Qe2 Nb4 19. Ne1 c6 20. Be4 Bd7 21. Ng2 Rf7 22. a3 Nd5 23. Rd3 g6 24. Rh3 Qg7 25. Rf1 Raf8 26. Bd3 a6 27. Nxd5 cxd5 28. f4 Bd8 29. Kh1 Bb6 30. Qe3 Bb5 0-1

[Event "RA-2013-0-00268"]
[Site "LSS email"]
[Date "2013.04.27"]
[Round "?"]
[White "De Melo, Gerson Luis"]
[Black "Soergel, Frank"]
[Result "0-1"]
[WhiteElo "1810"]
[BlackElo "2144"]
[PlyCount "50"]
[EventDate "2013.03.21"]
[EventType "tourn (corr)"]
[EventRounds "6"]
[EventCountry "GER"]
[SourceTitle "Telechess CBM 161"]
[Source "ChessBase"]
[SourceDate "2014.07.16"]
[SourceVersion "1"]
[SourceVersionDate "2014.07.16"]
[SourceQuality "1"]

1. d4 Nf6 2. c4 g6 3. Nc3 d5 4. Nf3 Bg7 5. Qb3 dxc4 6. Qxc4 0-0 7. e4 Nc6 8. Be2 Bg4 9. d5 Na5 10. Qb4 Bxf3 11. Bxf3 c6 12. 0-0 Qb6 13. Qa4 Nd7 14. Be3 Qxb2 15. Rfc1 Bxc3 16. Rab1 b5 17. Rxb2 bxa4 18. Rxc3 cxd5 19. exd5 Rac8 20. Rbc2 Nb6 21. Rc7 Nac4 22. Rxe7 Nxe3 23. Rxc8 Rxc8 24. fxe3 Rc2 25. a3 Rc3 0-1

[Event "BI-2013-P-00011"]
[Site "LSS email"]
[Date "2013.04.22"]
[Round "?"]
[White "De Melo, Gerson Luis"]
[Black "Cabrera Trujillo, Claudio Tomas"]
[Result "0-1"]
[WhiteElo "1809"]
[BlackElo "1012"]
[PlyCount "69"]
[EventDate "2013.04.25"]
[EventType "tourn (corr)"]
[EventRounds "10"]
[EventCountry "GER"]
[SourceTitle "Telechess CBM 167"]
[Source "ChessBase"]
[SourceDate "2015.07.13"]
[SourceVersion "1"]
[SourceVersionDate "2015.07.13"]
[SourceQuality "1"]

1. d4 Nf6 2. c4 g6 3. Nc3 d5 4. Nf3 Bg7 5. Qb3 dxc4 6. Qxc4 a6 7. e4 b5 8. Qb3 c5 9. dxc5 Nc6 10. Be2 Be6 11. Qc2 Rc8 12. 0-0 Qc7 13. h3 0-0 14. a3 b4 15. axb4 Nxb4 16. Qa4 Rb8 17. Qa5 Qxa5 18. Rxa5 Rfc8 19. Nd4 Nc6 20. Nxc6 Rxc6 21. Be3 Rxb2 22. Bxa6 Ng4 23. Nd5 Nxe3 24. Nxe7+ Kf8 25. Nxc6 Nxf1 26. Bd3 Bc3 27. Ra8+ Kg7 28. Kxf1 Rd2 29. Rd8 Bf6 30. Rd6 Bh4 31. g3 Bg5 32. f4 Bh6 33. f5 gxf5 34. exf5 Rxd3 35. fxe6 0-1

[Event "BI-2013-P-00011"]
[Site "LSS email"]
[Date "2013.04.22"]
[Round "?"]
[White "De Melo, Gerson Luis"]
[Black "Garcia, Javier N"]
[Result "0-1"]
[WhiteElo "1809"]
[BlackElo "783"]
[PlyCount "39"]
[EventDate "2013.04.25"]
[EventType "tourn (corr)"]
[EventRounds "10"]
[EventCountry "GER"]
[SourceTitle "Telechess CBM 167"]
[Source "ChessBase"]
[SourceDate "2015.07.13"]
[SourceVersion "1"]
[SourceVersionDate "2015.07.13"]
[SourceQuality "1"]

1. d4 d5 2. c4 c6 3. Nf3 Nf6 4. Qb3 e6 5. Bg5 Be7 6. Nc3 Qb6 7. e3 Qxb3 8. axb3 0-0 9. c5 Nbd7 10. Be2 Re8 11. b4 b5 12. 0-0 Nf8 13. Ne5 Bb7 14. Nxb5 cxb5 15. Bxb5 Red8 16. c6 Bxc6 17. Bxc6 Rac8 18. Rxa7 Rxc6 19. Nxc6 Rc8 20. Nxe7+ 0-1

[Event "BI-2013-P-00011"]
[Site "LSS email"]
[Date "2013.04.22"]
[Round "?"]
[White "De Melo, Gerson Luis"]
[Black "Yarmolyuk, Yury"]
[Result "0-1"]
[WhiteElo "1809"]
[BlackElo "2140"]
[PlyCount "38"]
[EventDate "2013.04.25"]
[EventType "tourn (corr)"]
[EventRounds "10"]
[EventCountry "GER"]
[SourceTitle "Telechess CBM 167"]
[Source "ChessBase"]
[SourceDate "2015.07.13"]
[SourceVersion "1"]
[SourceVersionDate "2015.07.13"]
[SourceQuality "1"]

1. d4 Nf6 2. c4 e6 3. Nf3 d5 4. g3 dxc4 5. Bg2 a6 6. Ne5 c5 7. Na3 cxd4 8. Naxc4 Bc5 9. 0-0 0-0 10. Bd2 Nd5 11. Rc1 Nd7 12. Nd3 Ba7 13. Re1 N7f6 14. Qb3 Qe7 15. Ba5 Bd7 16. e4 dxe3 17. Nxe3 Nxe3 18. Bb4 Qd8 19. fxe3 Re8 0-1

[Event "BI-2013-P-00011"]
[Site "LSS email"]
[Date "2013.04.22"]
[Round "?"]
[White "Mroczek, Jacek"]
[Black "De Melo, Gerson Luis"]
[Result "1-0"]
[WhiteElo "2133"]
[BlackElo "1809"]
[PlyCount "48"]
[EventDate "2013.04.25"]
[EventType "tourn (corr)"]
[EventRounds "10"]
[EventCountry "GER"]
[SourceTitle "Telechess CBM 167"]
[Source "ChessBase"]
[SourceDate "2015.07.13"]
[SourceVersion "1"]
[SourceVersionDate "2015.07.13"]
[SourceQuality "1"]

1. d4 Nf6 2. c4 g6 3. Nc3 Bg7 4. e4 d6 5. f3 Nc6 6. Be3 a6 7. Qd2 Rb8 8. 0-0-0 0-0 9. h4 h5 10. Nh3 b5 11. Nf2 b4 12. Nd5 e5 13. dxe5 Nxe5 14. Bg5 c6 15. Nxf6+ Bxf6 16. Bh6 Qa5 17. Bxf8 Qxa2 18. Qxd6 Nd7 19. Nd3 Bc3 20. bxc3 bxc3 21. Qxb8 Nxb8 22. Bb4 Qa1+ 23. Kc2 Qa4+ 24. Kc1 Qa1+ 1-0

[Event "FICGS rapid M 000063 email"]
[Site "FICGS email"]
[Date "2013.04.04"]
[Round "1"]
[White "Helmer, Janos"]
[Black "De Melo, Gerson Luis"]
[Result "1-0"]
[WhiteElo "2102"]
[BlackElo "2124"]
[PlyCount "23"]
[EventDate "2013.??.??"]
[EventType "tourn (rapid)"]
[EventRounds "6"]
[SourceTitle "Corr 2022"]
[Source "ChessBase"]
[SourceDate "2021.10.24"]
[SourceVersion "1"]
[SourceVersionDate "2021.10.24"]
[SourceQuality "1"]

1. c4 e5 2. Nc3 Nf6 3. e3 Nc6 4. Nf3 Bb4 5. Qc2 0-0 6. Be2 Re8 7. 0-0 e4 8. Ne1 Bxc3 9. bxc3 d5 10. cxd5 Qxd5 11. Rb1 Bf5 12. c4 1-0

[Event "RA-2013-0-00266"]
[Site "LSS email"]
[Date "2013.04.03"]
[Round "?"]
[White "De Melo, Gerson Luis"]
[Black "Panov, Sergey Ivanovich"]
[Result "1/2-1/2"]
[WhiteElo "1810"]
[BlackElo "2159"]
[PlyCount "52"]
[EventDate "2013.03.02"]
[EventType "tourn (corr)"]
[EventRounds "6"]
[EventCountry "GER"]
[SourceTitle "Telechess CBM 159"]
[Source "ChessBase"]
[SourceDate "2014.03.17"]
[SourceVersion "1"]
[SourceVersionDate "2014.03.17"]
[SourceQuality "1"]

1. d4 Nf6 2. c4 e6 3. Nc3 Bb4 4. Nf3 c5 5. g3 cxd4 6. Nxd4 0-0 7. Bg2 d5 8. cxd5 Nxd5 9. Qb3 Nc6 10. Nxc6 bxc6 11. 0-0 Qa5 12. Bd2 Bxc3 13. bxc3 Ba6 14. Rfd1 Qc5 15. e4 Bc4 16. Qa4 Nb6 17. Qb4 Qh5 18. Bf4 c5 19. Qb2 e5 20. Be3 Rfc8 21. f3 Qg6 22. a4 a5 23. Bh3 Rcb8 24. Qa3 Be2 25. Rdb1 Bxf3 26. Qxc5 Qh5 1/2-1/2

[Event "RA-2013-0-00266"]
[Site "LSS email"]
[Date "2013.04.03"]
[Round "?"]
[White "Jacewicz, Grzegorz"]
[Black "De Melo, Gerson Luis"]
[Result "1-0"]
[WhiteElo "2043"]
[BlackElo "1810"]
[PlyCount "59"]
[EventDate "2013.03.02"]
[EventType "tourn (corr)"]
[EventRounds "6"]
[EventCountry "GER"]
[SourceTitle "Telechess CBM 159"]
[Source "ChessBase"]
[SourceDate "2014.03.17"]
[SourceVersion "1"]
[SourceVersionDate "2014.03.17"]
[SourceQuality "1"]

1. d4 c5 2. d5 d6 3. e4 Nf6 4. Nc3 g6 5. f4 Bg7 6. Bb5+ Nfd7 7. a4 Na6 8. Nf3 Nc7 9. Bc4 0-0 10. 0-0 Nb6 11. Be2 Bg4 12. a5 Nd7 13. Kh1 Nf6 14. h3 Bc8 15. Kg1 Rb8 16. Bc4 b5 17. axb6 axb6 18. e5 Nfe8 19. Qe2 Bd7 20. Ba2 b5 21. b4 Ra8 22. Bb2 c4 23. Rfe1 e6 24. dxe6 Nxe6 25. Qe3 Bc6 26. Rad1 Qe7 27. Bb1 dxe5 28. Nxe5 Qxb4 29. f5 gxf5 30. Nxc6 1-0

[Event "RA-2013-0-00264"]
[Site "LSS email"]
[Date "2013.03.22"]
[Round "?"]
[White "Hernandez Molina, David Enrique"]
[Black "De Melo, Gerson Luis"]
[Result "1-0"]
[WhiteElo "2129"]
[BlackElo "1810"]
[PlyCount "79"]
[EventDate "2013.02.10"]
[EventType "tourn (corr)"]
[EventRounds "6"]
[EventCountry "GER"]
[SourceTitle "Telechess CBM 161"]
[Source "ChessBase"]
[SourceDate "2014.07.16"]
[SourceVersion "1"]
[SourceVersionDate "2014.07.16"]
[SourceQuality "1"]

1. d4 Nf6 2. c4 e6 3. Nf3 b6 4. g3 Ba6 5. b3 Bb4+ 6. Bd2 Be7 7. Bg2 c6 8. Bc3 d5 9. Ne5 Nfd7 10. Nxd7 Nxd7 11. Nd2 0-0 12. 0-0 Rc8 13. e4 c5 14. exd5 exd5 15. dxc5 dxc4 16. c6 cxb3 17. Re1 b2 18. Bxb2 Nc5 19. Nc4 Bxc4 20. Qg4 Bg5 21. Qxc4 Nd3 22. Be5 Nxe1 23. Rxe1 Bf6 24. Bxf6 Qxf6 25. c7 Qd6 26. Rc1 b5 27. Qc3 Qb6 28. Bh3 f5 29. Bg2 Rfe8 30. Qb3+ Kh8 31. Qf7 h6 32. Qd7 Rf8 33. Bf3 Qa6 34. Kg2 b4 35. Rc5 Kh7 36. h4 Qg6 37. Re5 Qf6 38. Re6 Qc3 39. Re7 a5 40. Bb7 1-0

[Event "RA-2013-0-00264"]
[Site "LSS email"]
[Date "2013.03.20"]
[Round "?"]
[White "De Melo, Gerson Luis"]
[Black "Husemann, Andreas"]
[Result "0-1"]
[WhiteElo "1810"]
[BlackElo "2091"]
[PlyCount "84"]
[EventDate "2013.02.10"]
[EventType "tourn (corr)"]
[EventRounds "6"]
[EventCountry "GER"]
[SourceTitle "Telechess CBM 161"]
[Source "ChessBase"]
[SourceDate "2014.07.16"]
[SourceVersion "1"]
[SourceVersionDate "2014.07.16"]
[SourceQuality "1"]

1. d4 Nf6 2. c4 g6 3. Nc3 d5 4. cxd5 Nxd5 5. e4 Nxc3 6. bxc3 Bg7 7. Nf3 c5 8. Rb1 0-0 9. Be2 b6 10. 0-0 Bb7 11. Qd3 e6 12. Bg5 Qc7 13. Qe3 Nd7 14. e5 Bd5 15. Be7 Rfc8 16. Bd6 Qb7 17. a3 cxd4 18. cxd4 Bf8 19. Bxf8 Nxf8 20. Rfd1 Rc2 21. Ng5 Rac8 22. Bd3 Ra2 23. Ne4 Bxe4 24. Bxe4 Qa6 25. Rb3 Qa4 26. Rdb1 Qa5 27. h4 Qd2 28. g4 Rc4 29. Rd3 Qxe3 30. fxe3 Nd7 31. Bf3 b5 32. Bd1 Rc7 33. Rxb5 Rc1 34. Kf1 Nb6 35. h5 Kg7 36. e4 Na4 37. Rbb3 Nb2 38. Rxb2 Rxb2 39. d5 Kf8 40. Ke1 Rh2 41. hxg6 hxg6 42. Kf1 g5 0-1

[Event "SA-2013-0-00337"]
[Site "LSS email"]
[Date "2013.03.20"]
[Round "?"]
[White "Thurrott, Allan"]
[Black "De Melo, Gerson Luis"]
[Result "1-0"]
[WhiteElo "2102"]
[BlackElo "1809"]
[PlyCount "71"]
[EventDate "2013.02.25"]
[EventType "tourn (corr)"]
[EventRounds "6"]
[EventCountry "GER"]
[SourceTitle "Telechess CBM 167"]
[Source "ChessBase"]
[SourceDate "2015.07.13"]
[SourceVersion "1"]
[SourceVersionDate "2015.07.13"]
[SourceQuality "1"]

1. e4 c5 2. Nf3 d6 3. d4 cxd4 4. Nxd4 Nf6 5. Nc3 a6 6. Be3 e5 7. Nb3 Be6 8. f3 h5 9. Nd5 Bxd5 10. exd5 Nbd7 11. Qd2 Qc7 12. 0-0-0 Be7 13. Kb1 Nb6 14. Bxb6 Qxb6 15. Qe2 h4 16. Qe1 Kf8 17. Be2 a5 18. Nd2 a4 19. a3 h3 20. g3 Nxd5 21. Nc4 Qc5 22. Rxd5 Qxd5 23. Nb6 Qa5 24. Nxa8 Qxa8 25. Qc3 g6 26. Qc7 b5 27. Rd1 b4 28. axb4 a3 29. Qa5 Qxa5 30. bxa5 axb2 31. a6 Kg7 32. Kxb2 Ra8 33. Kb3 Kf8 34. Ka4 Ke8 35. Rb1 d5 36. Rb7 1-0

[Event "CP-2012-P-00026"]
[Site "LSS email"]
[Date "2012.10.01"]
[Round "?"]
[White "De Melo, Gerson Luis"]
[Black "Albesa, Alfredo Ricardo"]
[Result "0-1"]
[WhiteElo "1809"]
[BlackElo "1813"]
[PlyCount "80"]
[EventDate "2012.10.05"]
[EventType "tourn (corr)"]
[EventRounds "6"]
[EventCountry "GER"]
[SourceTitle "Telechess CBM 163"]
[Source "ChessBase"]
[SourceDate "2014.11.11"]
[SourceVersion "2"]
[SourceVersionDate "2014.11.11"]
[SourceQuality "1"]

1. e4 c6 2. d4 d5 3. Nc3 dxe4 4. Nxe4 Nd7 5. Nf3 Ngf6 6. Ng3 e6 7. Bc4 Nb6 8. Bd3 c5 9. dxc5 Bxc5 10. 0-0 0-0 11. c4 Qc7 12. Qe2 Be7 13. Rd1 Nbd7 14. Bg5 h6 15. Bd2 b6 16. Bc3 Bb7 17. Rd2 Bxf3 18. Qxf3 Ne5 19. Bxe5 Qxe5 20. Rad1 Rad8 21. a3 g6 22. Ne4 Nxe4 23. Qxe4 Qxe4 24. Bxe4 Rxd2 25. Rxd2 Rc8 26. Rc2 Kg7 27. Kf1 Rc7 28. Ke2 f5 29. Ba8 Kf6 30. b4 Ke5 31. Bf3 Kd4 32. Rd2+ Kc3 33. Rd3+ Kxc4 34. Re3 Bf6 35. Rxe6 Re7 36. Rxe7 Bxe7 37. Bc6 Kb3 38. b5 Bxa3 39. f4 g5 40. Kf3 Bd6 0-1

[Event "CP-2012-P-00026"]
[Site "LSS email"]
[Date "2012.10.01"]
[Round "?"]
[White "Paetzold, Ortwin"]
[Black "De Melo, Gerson Luis"]
[Result "1-0"]
[WhiteElo "1646"]
[BlackElo "1809"]
[PlyCount "83"]
[EventDate "2012.10.05"]
[EventType "tourn (corr)"]
[EventRounds "6"]
[EventCountry "GER"]
[SourceTitle "Telechess CBM 163"]
[Source "ChessBase"]
[SourceDate "2014.11.11"]
[SourceVersion "2"]
[SourceVersionDate "2014.11.11"]
[SourceQuality "1"]

1. Nf3 d5 2. g3 Bg4 3. Bg2 Nd7 4. c4 e6 5. b3 c6 6. Bb2 h5 7. cxd5 exd5 8. 0-0 Ngf6 9. Qc2 Bd6 10. e3 Bxf3 11. Bxf3 h4 12. Nc3 Qc7 13. Qf5 Ne5 14. Be2 Ng6 15. Kg2 Ne7 16. Qg5 0-0-0 17. Rac1 Qd7 18. Nb5 Bb8 19. Bxf6 gxf6 20. Qxf6 hxg3 21. fxg3 Rdg8 22. Rf3 Qh3+ 23. Kf2 Kd7 24. Nd4 Rh7 25. Nf5 Nxf5 26. Qxf5+ Qxf5 27. Rxf5 Rxh2+ 28. Ke1 Rxg3 29. Bf1 Ke6 30. Rf2 Rh1 31. Kd1 f5 32. Kc2 Rgg1 33. Rd1 Rg5 34. Be2 Rxd1 35. Kxd1 Bd6 36. Kc2 a6 37. Bf1 Rg8 38. Rg2 Rf8 39. Rg6+ Kd7 40. Rg7+ Be7 41. Bh3 a5 42. Rh7 1-0

[Event "CP-2010-P-00006"]
[Site "LSS email"]
[Date "2010.09.28"]
[Round "?"]
[White "Belter, Edmund"]
[Black "De Melo, Gerson Luis"]
[Result "0-1"]
[WhiteElo "1532"]
[BlackElo "2083"]
[PlyCount "38"]
[EventDate "2010.10.01"]
[EventType "tourn (corr)"]
[EventRounds "6"]
[EventCountry "GER"]
[SourceTitle "Telechess CBM 151"]
[Source "ChessBase"]
[SourceDate "2012.11.13"]
[SourceVersion "1"]
[SourceVersionDate "2012.11.13"]
[SourceQuality "1"]

1. e4 d6 2. d4 Nf6 3. Nc3 g6 4. f4 Bg7 5. Bc4 c5 6. e5 Nfd7 7. dxc5 dxe5 8. Nge2 Qa5 9. Rf1 Nc6 10. Be3 0-0 11. a3 Nf6 12. b4 Qc7 13. Nb5 Qb8 14. Nbc3 Ng4 15. Bd2 Nxh2 16. Rh1 exf4 17. Rb1 f3 18. gxf3 Nxf3+ 19. Kf2 Rd8 0-1

[Event "LSS WC-2013-S-00002"]
[Site "LSS email"]
[Date "2010.07.20"]
[Round "?"]
[White "Kasperek, Ryszard"]
[Black "De Melo, Gerson Luis"]
[Result "1/2-1/2"]
[WhiteElo "2275"]
[BlackElo "2083"]
[PlyCount "78"]
[EventDate "2010.07.25"]
[EventType "tourn (corr)"]
[EventRounds "10"]
[EventCountry "GER"]
[SourceTitle "Telechess CBM 149"]
[Source "ChessBase"]
[SourceDate "2012.07.17"]
[SourceVersion "1"]
[SourceVersionDate "2012.07.17"]
[SourceQuality "1"]

1. e4 e5 2. Nf3 Nc6 3. Bb5 a6 4. Ba4 Nf6 5. 0-0 Be7 6. Re1 b5 7. Bb3 0-0 8. c3 d5 9. exd5 Nxd5 10. Nxe5 Nxe5 11. Rxe5 c6 12. d3 Bd6 13. Re1 Bf5 14. Qf3 Qh4 15. g3 Qh3 16. Nd2 Rae8 17. Ne4 Bg4 18. Qg2 Qxg2+ 19. Kxg2 f5 20. h3 Bh5 21. Bf4 Bxf4 22. gxf4 fxe4 23. dxe4 Bf3+ 24. Kxf3 Rxf4+ 25. Kg2 Rfxe4 26. Rxe4 Rxe4 27. Kf3 Rf4+ 28. Kg3 Re4 29. f3 Re2 30. c4 bxc4 31. Bxc4 Rxb2 32. Bxa6 g5 33. Bc4 Kg7 34. Bxd5 cxd5 35. a4 Rb6 36. a5 Ra6 37. f4 gxf4+ 38. Kxf4 Kf6 39. Ke3 Ke5 1/2-1/2

[Event "LSS RA-2010-0-00096"]
[Site "LSS email"]
[Date "2010.06.20"]
[Round "?"]
[White "De Melo, Gerson Luis"]
[Black "Kroes, Friso"]
[Result "1/2-1/2"]
[WhiteElo "2044"]
[BlackElo "2105"]
[PlyCount "39"]
[EventDate "2010.05.27"]
[EventType "tourn (corr)"]
[EventRounds "6"]
[EventCountry "GER"]
[SourceTitle "Telechess CBM 141"]
[Source "ChessBase"]
[SourceDate "2011.03.17"]
[SourceVersion "1"]
[SourceVersionDate "2011.03.17"]
[SourceQuality "1"]

1. e4 e6 2. Nf3 d5 3. e5 c5 4. b4 d4 5. bxc5 Bxc5 6. Bd3 Nc6 7. 0-0 Nge7 8. Re1 Ng6 9. Ba3 Qa5 10. Bxc5 Qxc5 11. Qe2 b6 12. Bxg6 hxg6 13. c4 f5 14. a4 Nb4 15. d3 Bb7 16. Nbd2 Qe7 17. Red1 a5 18. Nxd4 0-0-0 19. Nb5 Rxh2 20. Kxh2 1/2-1/2

[Event "LSS RA-2010-0-00096"]
[Site "LSS email"]
[Date "2010.06.20"]
[Round "?"]
[White "Slamenik, Jan"]
[Black "De Melo, Gerson Luis"]
[Result "1/2-1/2"]
[WhiteElo "2161"]
[BlackElo "2046"]
[PlyCount "96"]
[EventDate "2010.05.27"]
[EventType "tourn (corr)"]
[EventRounds "6"]
[EventCountry "GER"]
[SourceTitle "Telechess CBM 141"]
[Source "ChessBase"]
[SourceDate "2011.03.17"]
[SourceVersion "1"]
[SourceVersionDate "2011.03.17"]
[SourceQuality "1"]

1. e4 Nf6 2. e5 Nd5 3. d4 d6 4. Nf3 Nb6 5. a4 a5 6. Bb5+ c6 7. Bd3 dxe5 8. Nxe5 g6 9. c3 Bg7 10. Qe2 Be6 11. Nd2 N8d7 12. Ndf3 Nxe5 13. Nxe5 0-0 14. 0-0 Nd5 15. h4 c5 16. dxc5 Qc7 17. Nf3 Qxc5 18. Ng5 Bf5 19. h5 Bxd3 20. Qxd3 Rad8 21. Qh3 Nf6 22. h6 Bh8 23. Qf3 Rd5 24. Be3 Qc4 25. Rad1 Rxd1 26. Qxd1 Nd5 27. Bc1 e6 28. Bd2 Nf4 29. g3 Nd3 30. b3 Qc7 31. Qe2 Rd8 32. Ne4 f5 33. Bg5 fxe4 34. Bxd8 Qxd8 35. Qxe4 Nc5 36. Qc2 Qe8 37. Rd1 Bf6 38. Qe2 Qc6 39. Qc4 Ne4 40. Qxc6 bxc6 41. Kg2 g5 42. Kf3 Nxc3 43. Rd6 Kf7 44. Rxc6 Nd5 45. Kg4 Bd8 46. Ra6 Kf6 47. Ra8 Bb6 48. Rg8 Bc5 1/2-1/2

[Event "LSS RA-2010-0-00096"]
[Site "LSS email"]
[Date "2010.06.18"]
[Round "?"]
[White "Ulasevich, Sergei"]
[Black "De Melo, Gerson Luis"]
[Result "1-0"]
[WhiteElo "2073"]
[BlackElo "2050"]
[PlyCount "79"]
[EventDate "2010.05.27"]
[EventType "tourn (corr)"]
[EventRounds "6"]
[EventCountry "GER"]
[SourceTitle "Telechess CBM 141"]
[Source "ChessBase"]
[SourceDate "2011.03.17"]
[SourceVersion "1"]
[SourceVersionDate "2011.03.17"]
[SourceQuality "1"]

1. e4 Nf6 2. e5 Nd5 3. d4 d6 4. Nf3 Bg4 5. Be2 c6 6. c4 Nb6 7. Nbd2 N8d7 8. 0-0 dxe5 9. Nxe5 Nxe5 10. dxe5 Bf5 11. Qb3 e6 12. Qg3 Qc7 13. Nf3 0-0-0 14. Bg5 Be7 15. a4 Bxg5 16. Qxg5 Nd7 17. a5 Nxe5 18. a6 b6 19. Qxg7 Ng6 20. Rfd1 Bg4 21. h3 Rdg8 22. Qh6 Bf5 23. g3 Nf4 24. Bf1 Rg6 25. Qh4 e5 26. Ra3 Rhg8 27. c5 f6 28. Kh2 Nd5 29. cxb6 Qxb6 30. Rd2 Nb4 31. Bc4 R8g7 32. Nxe5 fxe5 33. Rf3 Rg5 34. Qh6 Qc5 35. Rxf5 Rxf5 36. Be6+ Kb8 37. Bxf5 Qf8 38. Rd8+ Qxd8 39. Qxg7 Nxa6 40. Qxe5+ 1-0

[Event "LSS RA-2010-0-00095"]
[Site "LSS email"]
[Date "2010.06.16"]
[Round "?"]
[White "De Melo, Gerson Luis"]
[Black "Kroes, Friso"]
[Result "0-1"]
[WhiteElo "2043"]
[BlackElo "2099"]
[PlyCount "46"]
[EventDate "2010.05.21"]
[EventType "tourn (corr)"]
[EventRounds "6"]
[EventCountry "GER"]
[SourceTitle "Telechess CBM 141"]
[Source "ChessBase"]
[SourceDate "2011.03.17"]
[SourceVersion "1"]
[SourceVersionDate "2011.03.17"]
[SourceQuality "1"]

1. Nf3 Nf6 2. d4 d5 3. c4 c6 4. Nc3 e6 5. Bg5 dxc4 6. e4 b5 7. e5 h6 8. Bh4 g5 9. Nxg5 hxg5 10. Bxg5 Nbd7 11. g3 Qb6 12. exf6 Bb7 13. Bg2 c5 14. d5 0-0-0 15. 0-0 b4 16. Rb1 Qa6 17. dxe6 Bxg2 18. Re1 bxc3 19. exd7+ Rxd7 20. Re8+ Kc7 21. Qe2 c2 22. Qxc2 Bb7 23. Qc3 Qb5 0-1